Developing the potential of the individually funded pension systems / (Registro nro. 7164)
[ vista simple ]
| 000 -LEADER | |
|---|---|
| fixed length control field | 01238nam a22002417a 4500 |
| 003 - CONTROL NUMBER IDENTIFIER | |
| control field | OSt |
| 005 - DATE AND TIME OF LATEST TRANSACTION | |
| control field | 20210211140247.0 |
| 008 - FIXED-LENGTH DATA ELEMENTS--GENERAL INFORMATION | |
| fixed length control field | 210211s2010 cl d||fr|||| 10| 0 eng d |
| 020 ## - INTERNATIONAL STANDARD BOOK NUMBER | |
| International Standard Book Number | 9789568853051 |
| 040 ## - CATALOGING SOURCE | |
| Original cataloging agency | CO-JMCR |
| Transcribing agency | CO-JMCR |
| 041 0# - LANGUAGE CODE | |
| Language code of text/sound track or separate title | eng |
| 082 04 - DEWEY DECIMAL CLASSIFICATION NUMBER | |
| Classification number | 331.252 / |
| Item number | S471d |
| Edition number | 23 |
| 111 2# - MAIN ENTRY--MEETING NAME | |
| Meeting name or jurisdiction name as entry element | Seminario internacional "Desarrollando el potencial de los sistemas de pensiones de capitalización individual" |
| Date of meeting or treaty signing | (2010 : |
| 9 (RLIN) | 13332 |
| Location of meeting | Chile) |
| 245 10 - TITLE STATEMENT | |
| Title | Developing the potential of the individually funded pension systems / |
| Statement of responsibility, etc. | Presentations given at the international seminar "Developing the potential of the individually funded pension systems"organised by FIAP on may 6 and 7, 2010 in Viña del Mar, Chile. |
| 250 ## - EDITION STATEMENT | |
| Edition statement | 1st edition |
| 260 ## - PUBLICATION, DISTRIBUTION, ETC. | |
| Place of publication, distribution, etc. | Chile : |
| Name of publisher, distributor, etc. | FIAP, |
| Date of publication, distribution, etc. | 2010 |
| 300 ## - PHYSICAL DESCRIPTION | |
| Extent | 300 páginas : |
| Other physical details | ilustraciones y gráficos a blanco y negro ; |
| Dimensions | 23 cm. |
| 500 ## - GENERAL NOTE | |
| General note | Incluye notas a píe de página. |
| 505 0# - FORMATTED CONTENTS NOTE | |
| Formatted contents note | How can the coverage of the individually funded programs be extended -- New products -- The quest for excellence |
| 650 14 - SUBJECT ADDED ENTRY--TOPICAL TERM | |
| Topical term or geographic name entry element | Sistema de pensiones |
| 9 (RLIN) | 13333 |
| General subdivision | Congresos, seminarios, etc. |
| Geographic subdivision | América Latina |
| 650 24 - SUBJECT ADDED ENTRY--TOPICAL TERM | |
| Topical term or geographic name entry element | Capitalización individual |
| 9 (RLIN) | 13334 |
| Form subdivision | Congresos, seminarios, etc. |
| Geographic subdivision | América Latina |
| 942 ## - ADDED ENTRY ELEMENTS (KOHA) | |
| Source of classification or shelving scheme | Dewey Decimal Classification |
| Koha item type | Books |
| Withdrawn status | Lost status | Source of classification or shelving scheme | Damaged status | Not for loan | Home library | Current library | Date acquired | Full call number | Barcode | Date last seen | Copy number | Price effective from | Koha item type | Source of acquisition | Total Checkouts |
|---|---|---|---|---|---|---|---|---|---|---|---|---|---|---|---|
| Dewey Decimal Classification | Biblioteca Pública José María del Castillo y Rada | Biblioteca Pública José María del Castillo y Rada | 02/11/2021 | 331.252 / S471d | 201810427 | 05/16/2024 | Ej.2 | 02/11/2021 | Books | ||||||
| Dewey Decimal Classification | Biblioteca Pública José María del Castillo y Rada | Biblioteca Pública José María del Castillo y Rada | 04/15/2018 | 331.252 / S471d | 430012457 | 05/16/2024 | Ej.1 | 02/11/2021 | Books | Donación |